Biggest Cities in Georgia (Country) - Statistics

General Stats
  • This quiz has been taken 270 times
    188 since last reset
  • The average score is 8 of 20
Answer Stats
Hint Answer % Correct
1,184,282 Tbilisi
98%
204,156 Batumi
96%
147,635 Kutaisi
85%
48,143 Gori
77%
125,103 Rustavi
62%
42,998 Zugdidi
54%
19,629 Telavi
53%
41,465 Poti
51%
27,546 Kobuleti
36%
18,903 Akhaltsikhe
28%
25,318 Samtredia
27%
20,814 Zestafoni
24%
14,785 Ozurgeti
22%
20,211 Marneuli
21%
26,135 Khashuri
19%
21,596 Senaki
18%
13,423 Kaspi
17%
12,803 Chiatura
14%
11,281 Tsqaltubo
12%
10,871 Sagarejo
9%
No matching quizzes found
Score Distribution
Percent of People with Each Score
Percentile by Number Answered
Your Score History
You have not taken this quiz since the last reset